Data Structures (Record no. 330465)
[ view plain ]
| 000 -LEADER | |
|---|---|
| fixed length control field | 00531nam a2200181Ia 4500 |
| 008 - FIXED-LENGTH DATA ELEMENTS--GENERAL INFORMATION | |
| fixed length control field | 230718s9999 xx 000 0 und d |
| 020 ## - INTERNATIONAL STANDARD BOOK NUMBER | |
| International Standard Book Number | 9788131503140 |
| 041 ## - LANGUAGE CODE | |
| Language code of text/sound track or separate title | eng |
| 082 ## - DEWEY DECIMAL CLASSIFICATION NUMBER | |
| Classification number | 005.73 |
| Item number | GIL |
| 100 ## - MAIN ENTRY--PERSONAL NAME | |
| Personal name | Gilberg R.F. |
| 9 (RLIN) | 133084 |
| 245 ## - TITLE STATEMENT | |
| Title | Data Structures |
| Remainder of title | A Pseudocode Approach With C |
| 250 ## - EDITION STATEMENT | |
| Edition statement | 2nd ed. |
| 260 ## - PUBLICATION, DISTRIBUTION, ETC. (IMPRINT) | |
| Date of publication, distribution, etc. | 2019 |
| Name of publisher, distributor, etc. | Cengage Learning |
| 300 ## - PHYSICAL DESCRIPTION | |
| Extent | 720 |
| Accompanying material [OBSOLETE, CAN/MARC] | Ref 20 IT (33013) |
| 365 ## - TRADE PRICE | |
| Currency code | Rs. |
| Price amount | 395.00 |
| 700 ## - ADDED ENTRY--PERSONAL NAME | |
| Personal name | Gilberg R.F. & Forouzan B.A. |
| 9 (RLIN) | 187360 |
| 906 ## - LOCAL DATA ELEMENT F, LDF (RLIN) | |
| d | O:0278702-Apr-2012B:284002-Apr-2012 |
| c | IT |
| b | 790 |
| Withdrawn status | Lost status | Damaged status | Not for loan | Home library | Current library | Date acquired | Vendor | Budget Code | Cost, normal purchase price | Bill number | Total Checkouts | Full call number | Barcode | Date last seen | Discount | Cost, replacement price | Bill Date | Koha item type | Original Barcode |
|---|---|---|---|---|---|---|---|---|---|---|---|---|---|---|---|---|---|---|---|
| Cummins College of Engineering for Women Pune | Cummins College of Engineering for Women Pune | 02/04/2012 | Pradeep Book Distributors | IT | 296.25 | 2840 | 005.73 | CCEP-BK-41672 | 18/07/2023 | 790 | 395.00 | 02/04/2012 | Books | 041672 |